[Event "COL-ch sf"]
[Site "Pereira"]
[Date "2024.03.30"]
[Round "8"]
[White "Garzon Camelo, Andres Santiago"]
[Black "Rios Parra, Alejandro"]
[Result "1/2-1/2"]
[WhiteElo "2081"]
[BlackElo "2179"]
[PlyCount "43"]
[EventDate "2024.03.26"]
[EventType "swiss"]
[EventRounds "11"]
[EventCountry "COL"]
[SourceTitle "CB14_2024"]
[SourceDate "2024.04.01"]
[SourceVersion "1"]
[SourceVersionDate "2024.04.01"]
[SourceQuality "1"]

1. e4 e6 2. d4 d5 3. Nd2 c5 4. dxc5 Bxc5 5. exd5 Qxd5 6. Ngf3 Nf6 7. Bc4 Qc6 8. 0-0 0-0 9. Qe2 Nbd7 10. c3 b6 11. Nb3 Bb7 12. Nxc5 Qxc5 13. Ba6 Be4 14. Ng5 Bf5 15. h3 Rad8 16. Be3 Qc7 17. Rad1 Nd5 18. Bd3 Nf4 19. Bxf4 Qxf4 20. Nf3 Bxd3 21. Qxd3 Qc7 22. Nd4 1/2-1/2

[Event "COL-ch sf"]
[Site "Pereira"]
[Date "2024.03.29"]
[Round "7"]
[White "Rios Parra, Alejandro"]
[Black "Perdomo Olarte, Jefferson"]
[Result "1-0"]
[WhiteElo "2179"]
[BlackElo "2015"]
[PlyCount "83"]
[EventDate "2024.03.26"]
[EventType "swiss"]
[EventRounds "11"]
[EventCountry "COL"]
[SourceTitle "CB14_2024"]
[SourceDate "2024.04.01"]
[SourceVersion "1"]
[SourceVersionDate "2024.04.01"]
[SourceQuality "1"]

1. b3 Nf6 2. Bb2 d5 3. e3 c5 4. Nf3 Bg4 5. h3 Bxf3 6. Qxf3 Nc6 7. Bb5 Qb6 8. c4 0-0-0 9. 0-0 d4 10. Bxc6 Qxc6 11. Qxc6+ bxc6 12. exd4 cxd4 13. Re1 e6 14. a3 c5 15. b4 Kc7 16. b5 Bd6 17. d3 Nd7 18. a4 Kb7 19. Nd2 Rde8 20. Nb3 Kb6 21. Ba3 a5 22. bxa6 Kxa6 23. Reb1 e5 24. f3 f5 25. Nd2 Nb8 26. Rb5 Nc6 27. Bxc5 Bxc5 28. Rxc5 Na5 29. Rb1 Re6 30. Rbb5 Nc6 31. a5 Rc8 32. Nb3 e4 33. fxe4 fxe4 34. dxe4 d3 35. Rd5 Ka7 36. Rd7+ Ka8 37. Nc5 Re5 38. Nxd3 Rxe4 39. Rc5 Kb8 40. a6 h5 41. Rxg7 h4 42. Kh2 1-0

[Event "COL-ch sf"]
[Site "Pereira"]
[Date "2024.03.27"]
[Round "4"]
[White "Valle, Efrain"]
[Black "Rios Parra, Alejandro"]
[Result "1-0"]
[WhiteElo "1941"]
[BlackElo "2179"]
[PlyCount "111"]
[EventDate "2024.03.26"]
[EventType "swiss"]
[EventRounds "11"]
[EventCountry "COL"]
[SourceTitle "CB14_2024"]
[SourceDate "2024.04.01"]
[SourceVersion "1"]
[SourceVersionDate "2024.04.01"]
[SourceQuality "1"]

1. Nf3 Nf6 2. g3 g6 3. Bg2 Bg7 4. 0-0 0-0 5. d4 d6 6. Nbd2 Nbd7 7. e4 e5 8. c3 b6 9. Qc2 Bb7 10. Re1 exd4 11. cxd4 c5 12. d5 b5 13. a4 a6 14. Nb3 Re8 15. Bd2 b4 16. Bf4 Qc7 17. Nbd2 Nh5 18. Be3 a5 19. Bf1 Ba6 20. Bxa6 Rxa6 21. Nc4 Nb6 22. Nfd2 Nxc4 23. Nxc4 Qe7 24. f3 Nf6 25. Bg5 h6 26. Bxf6 Bxf6 27. Kg2 Bd4 28. Rad1 h5 29. f4 h4 30. Qd3 Ra7 31. b3 Qd8 32. Qf3 hxg3 33. hxg3 Rae7 34. f5 gxf5 35. Qxf5 Bc3 36. Rf1 Qd7 37. Qxd7 Rxd7 38. Rf4 Be5 39. Rg4+ Bg7 40. Rf1 Ra8 41. Rf6 Ra6 42. e5 Kf8 43. Rxd6 Rdxd6 44. exd6 Ra7 45. Re4 Bf6 46. Kf3 Bd8 47. g4 Rd7 48. Kf4 Ra7 49. Kf5 Rd7 50. g5 Ra7 51. Ne5 Rb7 52. Rh4 Kg7 53. Rc4 Bb6 54. d7 Rb8 55. Nc6 Ra8 56. d6 1-0

[Event "Iberoamerican-ch 9th"]
[Site "Panama City"]
[Date "2023.12.01"]
[Round "8"]
[White "Rios Parra, Alejandro"]
[Black "De la Riva Aguado, Oscar"]
[Result "0-1"]
[WhiteElo "2185"]
[BlackElo "2437"]
[PlyCount "70"]
[EventDate "2023.11.25"]
[EventType "swiss"]
[EventRounds "9"]
[EventCountry "PAN"]
[SourceTitle "CB49_2023"]
[SourceDate "2023.12.06"]
[SourceVersion "1"]
[SourceVersionDate "2023.12.06"]
[SourceQuality "1"]

1. e4 e6 2. d4 d5 3. Nd2 c5 4. Ngf3 cxd4 5. exd5 Qxd5 6. Bc4 Qd6 7. 0-0 Nf6 8. Nb3 Nc6 9. Qe2 Be7 10. Rd1 e5 11. h3 0-0 12. c3 a6 13. Bg5 h6 14. Bh4 Bf5 15. cxd4 e4 16. Ne5 b5 17. Bxf7+ Rxf7 18. Nxf7 Kxf7 19. a4 bxa4 20. Rxa4 Qd5 21. Nc5 g5 22. Bg3 a5 23. Na6 Rc8 24. Nc7 Qd7 25. Rc4 Nb4 26. f3 exf3 27. Qxf3 g4 28. Qb3 a4 29. Qe3 Nbd5 30. Nxd5 Nxd5 31. Qc1 Bg5 32. Rxc8 Bxc1 33. Rcxc1 gxh3 34. Re1 hxg2 35. Kxg2 Qb7 0-1

[Event "Medellin de La Raza op"]
[Site "Medellin"]
[Date "2023.10.16"]
[Round "9"]
[White "Olarte Parra, Jhoan Sebastian"]
[Black "Rios Parra, Alejandro"]
[Result "1-0"]
[WhiteElo "1977"]
[BlackElo "2185"]
[PlyCount "64"]
[EventDate "2023.10.12"]
[EventType "swiss"]
[EventRounds "10"]
[EventCountry "COL"]
[SourceTitle "Mega2024 Update 01"]
[Source "Chessbase"]
[SourceDate "2023.11.12"]
[SourceVersion "1"]
[SourceVersionDate "2023.11.12"]
[SourceQuality "1"]

1. Nf3 g6 2. d4 Nf6 3. e3 Bg7 4. Be2 0-0 5. 0-0 b6 6. c4 c5 7. d5 e6 8. Nc3 exd5 9. cxd5 d6 10. e4 Re8 11. Bg5 h6 12. Bxf6 Bxf6 13. Nd2 Ba6 14. f3 Bxe2 15. Qxe2 a6 16. a4 Nd7 17. Kh1 Bd4 18. f4 Nf6 19. Qf3 Ra7 20. Rae1 Rae7 21. Qd3 Qa8 22. e5 Bxc3 23. Qxc3 Qxd5 24. Rd1 dxe5 25. Nc4 Qa8 26. fxe5 Ne4 27. Qh3 Rd8 28. Rde1 Rd4 29. Nxb6 Qb8 30. Rxe4 Qxb6 31. Re3 Rxa4 32. Qxh6 Rd4 1-0

[Event "Medellin de La Raza op"]
[Site "Medellin"]
[Date "2023.10.14"]
[Round "5"]
[White "Toro Castaneda, Miguel Angel"]
[Black "Rios Parra, Alejandro"]
[Result "0-1"]
[WhiteElo "2060"]
[BlackElo "2185"]
[PlyCount "38"]
[EventDate "2023.10.12"]
[EventType "swiss"]
[EventRounds "10"]
[EventCountry "COL"]
[SourceTitle "Mega2024 Update 01"]
[Source "Chessbase"]
[SourceDate "2023.11.12"]
[SourceVersion "1"]
[SourceVersionDate "2023.11.12"]
[SourceQuality "1"]

1. e4 e5 2. Nf3 Nc6 3. Bb5 a6 4. Ba4 d6 5. 0-0 Nge7 6. Bb3 Ng6 7. d4 Be7 8. c3 0-0 9. Nbd2 Kh8 10. Nc4 exd4 11. Nxd4 Nxd4 12. cxd4 f5 13. f3 f4 14. a4 Bd7 15. a5 Bb5 16. Rf2 Bf6 17. Na3 c5 18. dxc5 dxc5 19. Rd2 Qxa5 0-1

[Event "Medellin de La Raza op"]
[Site "Medellin"]
[Date "2023.10.13"]
[Round "4"]
[White "Rios Parra, Alejandro"]
[Black "Cordoba Roa, Angel Gabriel"]
[Result "1/2-1/2"]
[WhiteElo "2185"]
[BlackElo "2285"]
[PlyCount "40"]
[EventDate "2023.10.12"]
[EventType "swiss"]
[EventRounds "10"]
[EventCountry "COL"]
[SourceTitle "Mega2024 Update 01"]
[Source "Chessbase"]
[SourceDate "2023.11.12"]
[SourceVersion "1"]
[SourceVersionDate "2023.11.12"]
[SourceQuality "1"]

1. d4 Nf6 2. c4 e6 3. Nc3 d5 4. cxd5 exd5 5. Bg5 c6 6. e3 h6 7. Bh4 Be7 8. Bd3 0-0 9. Nge2 Re8 10. 0-0 a5 11. f3 b5 12. Rc1 Na6 13. h3 Bd7 14. Bf2 Bd6 15. Bb1 Nc7 16. Qd3 g6 17. Bh4 Bf5 18. e4 g5 19. exf5 gxh4 20. Nd1 Na6 1/2-1/2

[Event "Titled Tuesday intern op 19th Sep Early"]
[Site "Chess.com INT"]
[Date "2023.09.19"]
[Round "3"]
[White "Rios Parra, Alejandro"]
[Black "Shevchuk, Olexandr"]
[Result "1-0"]
[WhiteElo "2185"]
[BlackElo "2093"]
[PlyCount "59"]
[EventDate "2023.09.19"]
[EventType "swiss (blitz)"]
[EventRounds "11"]
[EventCountry "USA"]
[SourceTitle "EXT 2024"]
[Source "ChessBase"]
[SourceDate "2023.10.10"]
[SourceVersion "1"]
[SourceVersionDate "2023.10.10"]
[SourceQuality "1"]

1. e4 e6 2. d4 d5 3. Nd2 Nc6 4. Ngf3 Nf6 5. e5 Nd7 6. Bb5 a6 7. Ba4 b5 8. Bb3 Bb7 9. c3 Na5 10. 0-0 c5 11. Bc2 Rc8 12. dxc5 Bxc5 13. b4 Ba7 14. bxa5 Qxa5 15. Bb2 0-0 16. Bxh7+ Kh8 17. Bc2 g6 18. Nb3 Qc7 19. Re1 Kg7 20. Qd2 Rh8 21. Qf4 Rh5 22. Rac1 Rch8 23. Nbd4 Bb8 24. Ng5 Nxe5 25. Ngxe6+ fxe6 26. Nxe6+ Kg8 27. Nxc7 Bxc7 28. h3 Rh4 29. Qf6 Bc8 30. Rxe5 1-0

[Event "Titled Tuesday intern op 29th Aug Late"]
[Site "Chess.com INT"]
[Date "2023.08.29"]
[Round "5"]
[White "Rios Parra, Alejandro"]
[Black "Mesa Cruz, Juan Carlos"]
[Result "0-1"]
[WhiteElo "2198"]
[BlackElo "2145"]
[PlyCount "54"]
[EventDate "2023.08.29"]
[EventType "swiss (blitz)"]
[EventRounds "11"]
[EventCountry "USA"]
[SourceTitle "EXT 2024"]
[Source "ChessBase"]
[SourceDate "2023.10.10"]
[SourceVersion "1"]
[SourceVersionDate "2023.10.10"]
[SourceQuality "1"]

1. e4 c5 2. Nf3 d6 3. d4 cxd4 4. Nxd4 Nf6 5. Nc3 a6 6. Bg5 e6 7. f4 Be7 8. Qf3 Qc7 9. 0-0-0 Nbd7 10. g4 b5 11. Bxf6 Nxf6 12. g5 Nd7 13. f5 0-0 14. Rg1 b4 15. f6 bxc3 16. fxe7 cxb2+ 17. Kb1 Re8 18. h4 Ne5 19. Qe2 Rb8 20. h5 Rb4 21. Nf3 Nc4 22. Rd3 Qa5 23. g6 Na3+ 24. Rxa3 Qxa3 25. gxf7+ Kxf7 26. Ng5+ Kxe7 27. Nxh7 Qxa2+ 0-1

[Event "Titled Tuesday intern op 29th Aug Late"]
[Site "Chess.com INT"]
[Date "2023.08.29"]
[Round "1"]
[White "Valenzuela Gomez, Fernando Alberto"]
[Black "Rios Parra, Alejandro"]
[Result "1-0"]
[WhiteElo "2393"]
[BlackElo "2198"]
[PlyCount "45"]
[EventDate "2023.08.29"]
[EventType "swiss (blitz)"]
[EventRounds "11"]
[EventCountry "USA"]
[SourceTitle "EXT 2024"]
[Source "ChessBase"]
[SourceDate "2023.10.10"]
[SourceVersion "1"]
[SourceVersionDate "2023.10.10"]
[SourceQuality "1"]

1. e4 e5 2. d4 exd4 3. Qxd4 Nc6 4. Qc4 d6 5. Nc3 Nf6 6. Nf3 Be7 7. Bf4 0-0 8. 0-0-0 Be6 9. Nd5 a6 10. h3 h6 11. g4 Re8 12. Rg1 g5 13. Be3 Bf8 14. h4 Nxg4 15. hxg5 Nxe3 16. fxe3 Bxd5 17. exd5 Ne5 18. gxh6+ Kh8 19. Qf4 Qe7 20. Nd4 Ng6 21. Rxg6 fxg6 22. Ne6 Kh7 23. Bd3 1-0

[Event "Sabaneta op-A 2nd"]
[Site "Sabaneta Antioquia"]
[Date "2023.06.30"]
[Round "5"]
[White "Palencia Morales, Wilson Guillermo"]
[Black "Rios Parra, Alejandro"]
[Result "0-1"]
[WhiteElo "2300"]
[BlackElo "2176"]
[PlyCount "88"]
[EventDate "2023.06.28"]
[EventType "swiss"]
[EventRounds "9"]
[EventCountry "COL"]
[SourceTitle "CBM 215 Extra"]
[Source "ChessBase"]
[SourceDate "2023.09.30"]
[SourceVersion "1"]
[SourceVersionDate "2023.09.30"]
[SourceQuality "1"]

1. e4 e5 2. Nf3 Nc6 3. Bb5 a6 4. Ba4 Nf6 5. 0-0 b5 6. Bb3 Be7 7. h3 0-0 8. d3 d6 9. c3 Na5 10. Bc2 c5 11. Nbd2 Qc7 12. Re1 Nc6 13. Nf1 Rd8 14. Qe2 h6 15. Ne3 Bf8 16. Nh2 Be6 17. Nhg4 Nxg4 18. hxg4 g6 19. g3 Rac8 20. Kg2 Nd4 21. cxd4 cxd4 22. Bd1 dxe3 23. Bxe3 d5 24. g5 h5 25. Rh1 dxe4 26. dxe4 Bc4 27. Qe1 Bc5 28. g4 Bxe3 29. Qxe3 Rd3 30. Qe1 Qd8 31. b3 Be6 32. Be2 Rdc3 33. f3 Qxg5 34. Qh4 Qxh4 35. Rxh4 hxg4 36. Rah1 gxf3+ 37. Bxf3 Kg7 38. Rh7+ Kf6 39. Rf1 Kg5 40. Bd1 Rd8 41. Rhh1 Rd2+ 42. Rf2 Bh3+ 43. Rxh3 Rxf2+ 44. Kxf2 Rxh3 0-1

[Event "Sabaneta op-A 2nd"]
[Site "Sabaneta Antioquia"]
[Date "2023.06.28"]
[Round "1"]
[White "Hernandez Bermudez, Manuela"]
[Black "Rios Parra, Alejandro"]
[Result "0-1"]
[WhiteElo "1883"]
[BlackElo "2176"]
[PlyCount "70"]
[EventDate "2023.06.28"]
[EventType "swiss"]
[EventRounds "9"]
[EventCountry "COL"]
[SourceTitle "CBM 215 Extra"]
[Source "ChessBase"]
[SourceDate "2023.09.30"]
[SourceVersion "1"]
[SourceVersionDate "2023.09.30"]
[SourceQuality "1"]

1. e4 e5 2. Nf3 Nc6 3. Bb5 a6 4. Ba4 d6 5. c3 Nge7 6. d4 Bd7 7. d5 Nb8 8. c4 Ng6 9. h4 Be7 10. h5 Nh4 11. Nxh4 Bxh4 12. Bxd7+ Nxd7 13. Qg4 Bf6 14. Nc3 Nc5 15. Qg3 Qd7 16. b4 Na4 17. Nxa4 Qxa4 18. Qb3 Qd7 19. Be3 Qg4 20. Qc2 Qxg2 21. Ke2 Qg4+ 22. f3 Qd7 23. a4 g5 24. Rag1 h6 25. c5 0-0 26. Rg3 c6 27. Rd1 Rac8 28. Qb3 Be7 29. dxc6 Qxc6 30. cxd6 Bxd6 31. Rc1 Qd7 32. Rcg1 Kh8 33. Bd2 b5 34. a5 Rc4 35. Qe3 Bxb4 0-1

[Event "Medellin Easter op 11th"]
[Site "Medellin"]
[Date "2023.04.05"]
[Round "1"]
[White "Suarez Flores, Jacobo"]
[Black "Rios Parra, Alejandro"]
[Result "0-1"]
[WhiteElo "1428"]
[BlackElo "2192"]
[PlyCount "62"]
[EventDate "2023.04.05"]
[EventType "swiss"]
[EventRounds "7"]
[EventCountry "COL"]
[SourceTitle "CBM 213 Extra"]
[Source "ChessBase"]
[SourceDate "2023.05.31"]
[SourceVersion "1"]
[SourceVersionDate "2023.05.31"]
[SourceQuality "1"]

1. d4 Nf6 2. Nf3 e6 3. e3 c5 4. Bd3 b6 5. Nbd2 Be7 6. c3 0-0 7. 0-0 Ba6 8. Bxa6 Nxa6 9. Qe2 Nc7 10. e4 d6 11. Rd1 Nd7 12. e5 d5 13. a4 f6 14. Nf1 Qe8 15. exf6 Bxf6 16. Bf4 Rc8 17. Re1 Kh8 18. Bxc7 Rxc7 19. Qxe6 Qxe6 20. Rxe6 cxd4 21. cxd4 Rc2 22. Rd6 Nb8 23. Rb1 Rc4 24. b3 Rc3 25. Ne3 Rfc8 26. h3 Be7 27. Rxd5 Kg8 28. b4 Ra3 29. a5 bxa5 30. Rxa5 Bxb4 31. Rxa7 Rxa7 0-1

[Event "Pereira Gildardo Garcia Memorial-A"]
[Site "Pereira"]
[Date "2022.05.20"]
[Round "5"]
[White "Rios Parra, Alejandro"]
[Black "Heredia Serrano, Carla Sofia"]
[Result "0-1"]
[WhiteElo "2220"]
[BlackElo "2083"]
[PlyCount "101"]
[EventDate "2022.05.18"]
[EventType "swiss"]
[EventRounds "10"]
[EventCountry "COL"]
[SourceTitle "CBM 208 Extra"]
[Source "ChessBase"]
[SourceDate "2022.07.31"]
[SourceVersion "1"]
[SourceVersionDate "2022.07.31"]
[SourceQuality "1"]

1. c4 e5 2. e3 Nc6 3. Nc3 Nf6 4. d4 Bb4 5. a3 Bxc3+ 6. bxc3 0-0 7. Nf3 d6 8. Be2 Re8 9. 0-0 b6 10. Nd2 Na5 11. e4 Ba6 12. f3 exd4 13. cxd4 d5 14. cxd5 Bxe2 15. Qxe2 Nxd5 16. Kh1 c5 17. Qf2 Nf4 18. dxc5 Nd3 19. Qe3 Nxc5 20. Bb2 Qd3 21. Qxd3 Nxd3 22. Bc3 Nb7 23. a4 Rac8 24. Ra3 Red8 25. g3 Nbc5 26. Nb1 h5 27. Kg2 a5 28. Kh3 f6 29. Bd2 Ne5 30. Be3 g5 31. Kg2 Nc4 32. Bxc5 Nxa3 33. Bxa3 Kf7 34. Bc1 Rc2+ 35. Kg1 Rd3 36. e5 Rc4 37. exf6 Kxf6 38. Nd2 Rxa4 39. Ne4+ Kg6 40. Nxg5 Ra1 41. f4 Kf5 42. Nf7 Rc3 43. Nd6+ Kg4 44. Bd2 Rxf1+ 45. Kxf1 Rd3 46. Nc4 Kf5 47. Ke2 Rb3 48. Be3 a4 49. Bxb6 a3 50. Bd4 a2 51. Bb6 0-1

[Event "Ibague op"]
[Site "Ibague"]
[Date "2021.10.22"]
[Round "5"]
[White "Tobar Beltran, Carlos Andres"]
[Black "Rios Parra, Alejandro"]
[Result "1/2-1/2"]
[WhiteElo "1776"]
[BlackElo "2252"]
[PlyCount "85"]
[EventDate "2021.10.20"]
[EventType "swiss"]
[EventRounds "9"]
[EventCountry "COL"]
[SourceTitle "CBM 204 Extra"]
[Source "ChessBase"]
[SourceDate "2021.11.30"]
[SourceVersion "1"]
[SourceVersionDate "2021.11.30"]
[SourceQuality "1"]

1. d4 Nf6 2. Bf4 d6 3. e3 Nbd7 4. Nf3 Nh5 5. Bg3 g6 6. Bc4 e6 7. Bh4 Be7 8. Bxe7 Qxe7 9. Nc3 a6 10. Qd2 b5 11. Bd3 Bb7 12. e4 c5 13. a3 0-0 14. 0-0 Qf6 15. dxc5 Nxc5 16. Qe3 Rac8 17. Qd4 e5 18. Qe3 Nf4 19. g3 Ncxd3 20. cxd3 Ne6 21. Rac1 Nd4 22. Kg2 Kg7 23. Ne2 Nxf3 24. Qxf3 Qe6 25. Qe3 d5 26. f3 f5 27. Qa7 Rf7 28. Rxc8 Bxc8 29. exd5 Rxa7 30. dxe6 Bxe6 31. Kf2 a5 32. Rc1 b4 33. Rc5 bxa3 34. bxa3 Kf6 35. d4 exd4 36. Nxd4 Bd7 37. Ke3 a4 38. Nc2 Be6 39. Nd4 Bd7 40. Nc2 Rb7 41. Nb4 Be6 42. f4 Bb3 43. Nd3 1/2-1/2

[Event "Manizales Las Americas op-A"]
[Site "Manizales"]
[Date "2021.10.17"]
[Round "8"]
[White "Mateus, Martha"]
[Black "Rios Parra, Alejandro"]
[Result "0-1"]
[WhiteElo "2025"]
[BlackElo "2252"]
[PlyCount "90"]
[EventDate "2021.10.14"]
[EventType "swiss"]
[EventRounds "10"]
[EventCountry "COL"]
[SourceTitle "CBM 204 Extra"]
[Source "ChessBase"]
[SourceDate "2021.11.30"]
[SourceVersion "1"]
[SourceVersionDate "2021.11.30"]
[SourceQuality "1"]

1. e4 c5 2. Nf3 d6 3. c3 Nf6 4. Be2 e5 5. 0-0 Be7 6. d4 exd4 7. cxd4 Nxe4 8. dxc5 d5 9. Qd4 0-0 10. Rd1 Be6 11. Be3 Nc6 12. Qa4 Bxc5 13. Nbd2 Bxe3 14. Nxe4 Bb6 15. Neg5 Qf6 16. Bd3 h6 17. Nh7 Qxb2 18. Nxf8 Qxf2+ 19. Kh1 Rxf8 20. Rd2 Qc5 21. Qh4 Rd8 22. Rb1 Qe7 23. Qh5 Qf6 24. Rf1 Qf4 25. Rb2 Qg4 26. Qxg4 Bxg4 27. Nh4 g6 28. h3 Bc8 29. Re2 Kg7 30. Bb5 Nd4 31. Re7 Rf8 32. Bd3 Bd8 33. Nxg6 Bxe7 34. Nxe7 Be6 35. Rf4 Nc6 36. Nf5+ Bxf5 37. Rxf5 Rd8 38. a3 f6 39. Kg1 Ne5 40. Be2 d4 41. Kf2 Rc8 42. Ke1 Rc3 43. a4 Ra3 44. Bd1 Ra2 45. g4 Rh2 0-1

[Event "Manizales Las Americas op-A"]
[Site "Manizales"]
[Date "2021.10.16"]
[Round "5"]
[White "Rios Parra, Alejandro"]
[Black "Tirado Veliz, Henry Jose"]
[Result "1-0"]
[WhiteElo "2252"]
[BlackElo "2101"]
[PlyCount "84"]
[EventDate "2021.10.14"]
[EventType "swiss"]
[EventRounds "10"]
[EventCountry "COL"]
[SourceTitle "CBM 204 Extra"]
[Source "ChessBase"]
[SourceDate "2021.11.30"]
[SourceVersion "1"]
[SourceVersionDate "2021.11.30"]
[SourceQuality "1"]

1. e4 c5 2. Nf3 d6 3. d4 cxd4 4. Nxd4 Nf6 5. Nc3 a6 6. Bg5 e6 7. f4 b5 8. e5 dxe5 9. fxe5 Qc7 10. Qe2 Nfd7 11. 0-0-0 Bb7 12. Qg4 Qb6 13. Bxb5 axb5 14. Ndxb5 Rxa2 15. Rd6 Bxd6 16. Nxd6+ Kf8 17. Nxa2 Nxe5 18. Qd1 Bd5 19. Nf5 f6 20. Be3 Qa5 21. Nc3 Qa1+ 22. Nb1 Nbd7 23. b3 Qa5 24. Nd4 Kf7 25. Qh5+ g6 26. Qh3 h5 27. Rf1 Ng4 28. Bd2 Qa8 29. Nf3 Rc8 30. c4 Qa2 31. Bc3 Qxb3 32. Nfd2 Qb7 33. cxd5 Qxd5 34. Qf3 Nxh2 35. Qxd5 exd5 36. Rf4 Ng4 37. Nf3 Ke7 38. Kd2 Nf2 39. Bb4+ Ke8 40. Nc3 Ne4+ 41. Nxe4 dxe4 42. Rxe4+ Kf7 1-0

[Event "Manizales Las Americas op-A"]
[Site "Manizales"]
[Date "2021.10.15"]
[Round "4"]
[White "Pereira Vera, Henry Alberto"]
[Black "Rios Parra, Alejandro"]
[Result "1/2-1/2"]
[WhiteElo "1739"]
[BlackElo "2252"]
[PlyCount "111"]
[EventDate "2021.10.14"]
[EventType "swiss"]
[EventRounds "10"]
[EventCountry "COL"]
[SourceTitle "CBM 204 Extra"]
[Source "ChessBase"]
[SourceDate "2021.11.30"]
[SourceVersion "1"]
[SourceVersionDate "2021.11.30"]
[SourceQuality "1"]

1. b3 e5 2. Bb2 Nc6 3. c4 Nf6 4. e3 d6 5. a3 g6 6. b4 Bg7 7. d3 0-0 8. Nf3 Re8 9. Be2 a5 10. b5 Nb8 11. 0-0 Nbd7 12. Nbd2 Nc5 13. Nb3 Na4 14. Rb1 Nxb2 15. Rxb2 e4 16. Nfd4 a4 17. Nc1 exd3 18. Nxd3 Ne4 19. Bf3 Ng5 20. Rb4 Bxd4 21. exd4 Qf6 22. c5 Nxf3+ 23. Qxf3 Qxf3 24. gxf3 Bf5 25. Nf4 dxc5 26. dxc5 Re5 27. Rc1 Ra5 28. Kg2 Kg7 29. h4 h5 30. Kg3 Kh6 31. Rc3 b6 32. cxb6 cxb6 33. Rc6 Raxb5 34. Rxb6 Rxb6 35. Rxb6 Bc2 36. Nh3 Bb3 37. f4 Rc5 38. Ng5 Kg7 39. Ne4 Rc1 40. f5 gxf5 41. Nd6 Be6 42. Kf4 Rc3 43. Nxf5+ Kf6 44. Ng3 Kg6 45. Rb5 Rc4+ 46. Ke5 Rxh4 47. f4 Kg7 48. Nf5+ Bxf5 49. Kxf5 Rh3 50. Kg5 h4 51. Ra5 Rxa3 52. Kxh4 Ra1 53. Kg4 a3 54. Kf5 Ra2 55. Ra7 Ra1 56. Ra6 1/2-1/2

[Event "Manizales Las Americas op-A"]
[Site "Manizales"]
[Date "2021.10.15"]
[Round "3"]
[White "Rios Parra, Alejandro"]
[Black "Arenas Vanegas, David"]
[Result "0-1"]
[WhiteElo "2252"]
[BlackElo "2457"]
[PlyCount "78"]
[EventDate "2021.10.14"]
[EventType "swiss"]
[EventRounds "10"]
[EventCountry "COL"]
[SourceTitle "CBM 204 Extra"]
[Source "ChessBase"]
[SourceDate "2021.11.30"]
[SourceVersion "1"]
[SourceVersionDate "2021.11.30"]
[SourceQuality "1"]

1. e4 e5 2. Nf3 Nc6 3. Bc4 Nf6 4. Ng5 d5 5. exd5 b5 6. Be2 Nd4 7. c3 Nxe2 8. Qxe2 Qxd5 9. 0-0 Bd6 10. Na3 Bxa3 11. bxa3 h6 12. Nf3 e4 13. Nd4 0-0 14. f3 Re8 15. Qxb5 c5 16. fxe4 Rxe4 17. d3 Rxd4 18. cxd4 Qxd4+ 19. Be3 Qxe3+ 20. Kh1 Be6 21. Rae1 Qd4 22. h3 Rd8 23. Rf3 Qc3 24. Ref1 Qxa3 25. d4 Qb4 26. Qxc5 Qxd4 27. Qxd4 Rxd4 28. Ra3 Rd2 29. Rxa7 Bd5 30. Rg1 Bxa2 31. Kh2 Bd5 32. Ra4 g5 33. h4 Nh5 34. hxg5 hxg5 35. Rg4 f6 36. Rf1 Kh7 37. Kg1 Nf4 38. Rf2 Rxf2 39. Kxf2 Bxg2 0-1

[Event "COL-ch sf"]
[Site "Santa Rosa"]
[Date "2021.08.15"]
[Round "9"]
[White "Rios Parra, Alejandro"]
[Black "Ojeda, Jesus David"]
[Result "1-0"]
[WhiteElo "2254"]
[BlackElo "2136"]
[PlyCount "127"]
[EventDate "2021.08.11"]
[EventType "swiss"]
[EventRounds "11"]
[EventCountry "COL"]
[SourceTitle "CBM 204 Extra"]
[Source "ChessBase"]
[SourceDate "2021.11.30"]
[SourceVersion "1"]
[SourceVersionDate "2021.11.30"]
[SourceQuality "1"]

1. e4 c5 2. Nf3 e6 3. d4 cxd4 4. Nxd4 Nc6 5. Nc3 Qc7 6. Be3 a6 7. Bd3 Bb4 8. 0-0 Nf6 9. h3 Ne5 10. Nde2 Be7 11. f4 Nc4 12. Bxc4 Qxc4 13. e5 Ne4 14. Qd4 Qxd4 15. Bxd4 Nxc3 16. Nxc3 b5 17. Ne4 Bb7 18. Rfe1 Rc8 19. c3 0-0 20. Rad1 f5 21. Nd6 Bxd6 22. exd6 Kf7 23. b4 Rg8 24. h4 Kg6 25. Rd3 h5 26. Bb6 Kf6 27. Re5 Rc4 28. Bd4 Kf7 29. Kf2 Bd5 30. Rde3 Re8 31. a3 g6 32. g3 Bc6 33. Rc5 Rxc5 34. Bxc5 Be4 35. Bd4 Bd5 36. Re1 Ra8 37. Bb6 Rc8 38. Bc7 Be4 39. Ke3 e5 40. fxe5 Ke6 41. Kd4 Bc6 42. c4 bxc4 43. Kxc4 Rf8 44. Kc5 f4 45. gxf4 Rxf4 46. Bd8 Bb5 47. Kb6 Rc4 48. Ka5 Rc3 49. Ra1 Kxe5 50. a4 Bd3 51. Be7 Rc6 52. Rd1 Ke4 53. Rg1 Kd4 54. Rg5 Rc8 55. b5 axb5 56. axb5 Ra8+ 57. Kb6 Be4 58. Bf6+ Kd3 59. Kc7 Ra7+ 60. Kc8 Rb7 61. Bd8 Ra7 62. b6 Ra4 63. b7 Rc4+ 64. Bc7 1-0

[Event "COL-ch sf"]
[Site "Santa Rosa"]
[Date "2021.08.14"]
[Round "7"]
[White "Rios Parra, Alejandro"]
[Black "Munoz Galvez, Jhon Edison"]
[Result "1/2-1/2"]
[WhiteElo "2254"]
[BlackElo "2307"]
[PlyCount "101"]
[EventDate "2021.08.11"]
[EventType "swiss"]
[EventRounds "11"]
[EventCountry "COL"]
[SourceTitle "CBM 204 Extra"]
[Source "ChessBase"]
[SourceDate "2021.11.30"]
[SourceVersion "1"]
[SourceVersionDate "2021.11.30"]
[SourceQuality "1"]

1. e4 c5 2. Nf3 d6 3. d4 cxd4 4. Nxd4 Nf6 5. Nc3 a6 6. Bg5 e6 7. f4 Nbd7 8. Qf3 Qc7 9. 0-0-0 h6 10. Bxf6 Nxf6 11. g4 Nd7 12. h4 b5 13. Bd3 b4 14. Nce2 Bb7 15. g5 hxg5 16. hxg5 Rxh1 17. Qxh1 g6 18. Qh7 Nc5 19. Kb1 0-0-0 20. Ng3 Kb8 21. Nde2 Rc8 22. Rc1 a5 23. f5 d5 24. fxg6 fxg6 25. Qxc7+ Rxc7 26. exd5 Nxd3 27. cxd3 Rxc1+ 28. Kxc1 Bxd5 29. Nf4 Bd6 30. Nge2 Bxa2 31. Nxg6 e5 32. Ng3 Kc7 33. Ne4 Be6 34. Nxd6 Kxd6 35. Kc2 a4 36. Nh4 Bb3+ 37. Kc1 Ke6 38. Kb1 Bd1 39. Kc1 Be2 40. Kc2 Bg4 41. Kd2 Kf7 42. Kc2 Be2 43. Kd2 a3 44. bxa3 bxa3 45. Kc2 Bxd3+ 46. Kb3 Ke6 47. Kxa3 Kd5 48. Kb2 Be4 49. Kc3 Kc5 50. g6 Bxg6 51. Nxg6 1/2-1/2